Aktuálne otázky meračstva a inžinierskej geodézie zborník z medzinárodného vedeckého seminára, Herľany, 9.-10. október 2000

Bibliographic Details
Other Authors: Sedlák, Vladimír (Editor), Hurčíková, Viera, 1975- (Editor), Molčíková, Soňa, 1975- (Editor)
Format: Book
Language:Slovak
PhysicalDescription:151 s. fotogr., sch., tab. 30 cm
Published: Košice [Technická univerzita] 2000
ISBN:8070995955
Subjects:

MARC

LEADER 00000cam a2200000 a 4500
001 vtls001406684
003 SK-MaSNL
005 20260302001313.0
008 250414s2000 xo aa r 100 0 slo
015 |a SNBA2001/05-01359 
020 |a 8070995955 
035 |a SNK000361326 
035 |a urn:nbn:sk:snk-amjrs8 
035 |a urn:nbn:sk:snk:ar-a0bs2z 
035 |a 305bf6a1-4f2c-4641-8c91-8a715a87c7ff 
040 |a SNK  |b slo  |c SNK  |e AACR2 
041 0 |a slo 
044 |a xo  |c SK 
080 |a 622.1:528(082)=854=850  |2 1981 
080 |a 528(082)=854=850  |2 1981 
245 0 0 |a Aktuálne otázky meračstva a inžinierskej geodézie  |b zborník z medzinárodného vedeckého seminára, Herľany, 9.-10. október 2000  |c [editori: Vladimír Sedlak, Viera Hurčíková, Soňa Molčíková] 
246 1 0 |a Aktual questions of engineering surveying 
260 |a Košice  |b [Technická univerzita]  |c 2000 
300 |a 151 s.  |b fotogr., sch., tab.  |c 30 cm 
500 |a Čiast. text čes. 
500 |a Údaj o edit. prevzatý z rubu tit. strany 
500 |a 60 výt. 
504 |a Bibliogr. odkazy 
650 0 7 |a inžinierska geodézia  |2 SNKPH  |9 66519 
650 0 7 |a banské meračstvo  |2 SNKPH  |9 238001 
655 7 |a zborníky konferencií  |2 SNKPH  |9 70153 
655 7 |a issue_zb  |2 SNK  |9 276493 
700 1 |a Sedlák, Vladimír  |4 edt  |9 8648 
700 1 |a Hurčíková, Viera,  |d 1975-  |4 edt  |9 40701 
700 1 |a Molčíková, Soňa,  |d 1975-  |4 edt  |9 218357 
852 |a Slovenská národná knižnica 
919 |a 80-7099-595-5 
954 |a odborná, vedecká literatúra pôvodná (slovenská)  |2 lita 
954 |a odborná, vedecká literatúra cudzojazyčná (svetová)  |2 lita 
958 |a OND 
958 |a ART 
958 |a TL 
958 |a NB 
999 |c 983339  |d 985269 
952 |t P60, <03>, [BOOK], {603}  |a SNK  |b SNK  |y PREZ  |7 0  |p 17A0270687  |o snkSB 63011  |i snkKSP 1941/2001  |0 0  |1 0  |4 0  |d 2001-02-08  |f 1  |l 0  |r 2025-04-15 00:00:00  |w 2026-02-24 
952 |t P60, <04>, [BOOK], {604}  |a SNK  |b SNK  |y VYP  |7 0  |p 17A0270686  |o snkSB 63011 D1  |i snkKSP 1942/2001  |0 0  |1 0  |4 0  |d 2001-02-08  |l 0  |r 2005-01-02 00:00:00  |w 2026-02-24